[Event "Hamburg-chT Landesliga 1920"]
[Site "Hamburg"]
[Date "2019.12.08"]
[Round "4.39"]
[White "Lam, Daniel"]
[Black "Wolter, Michael"]
[Result "0-1"]
[WhiteElo "1911"]
[BlackElo "2156"]
[PlyCount "152"]
[EventDate "2019.09.29"]
[EventType "team-tourn"]
[EventRounds "9"]
[EventCountry "GER"]
[SourceTitle "EXT 2021"]
[Source "ChessBase"]
[SourceDate "2020.10.23"]
[SourceVersion "1"]
[SourceVersionDate "2020.10.23"]
[SourceQuality "1"]

1. e4 e6 2. d4 d5 3. Nc3 Nf6 4. e5 Nfd7 5. f4 c5 6. Nf3 Nc6 7. Be3 cxd4 8. Nxd4 Bc5 9. a3 a6 10. b4 Bxd4 11. Bxd4 Nxd4 12. Qxd4 f6 13. exf6 Qxf6 14. Qxf6 Nxf6 15. Bd3 Bd7 16. Kd2 0-0 17. a4 Ne8 18. f5 d4 19. Ne2 e5 20. Bc4+ Kh8 21. g4 Nd6 22. Bd5 Bc6 23. Bxc6 bxc6 24. Rhf1 Rab8 25. Rab1 c5 26. c3 dxc3+ 27. Kxc3 cxb4+ 28. Rxb4 Rbc8+ 29. Kb3 a5 30. Rd1 Nxf5 31. Rb5 Ne3 32. Rd7 Nxg4 33. Rxa5 Rf3+ 34. Kb4 Nf6 35. Rb7 e4 36. Rc5 Rf8 37. Re7 Rf2 38. Ng3 Rb2+ 39. Kc3 Rxh2 40. Nxe4 Rh3+ 41. Kd4 Rd8+ 42. Ke5 Nxe4 43. Kxe4 Rh4+ 44. Ke3 Rxa4 45. Rcc7 Rg4 46. Rcd7 Rg8 47. Rf7 h6 48. Kf3 Rg5 49. Kf4 Rg1 50. Kf3 Rf1+ 51. Kg2 Rxf7 52. Rxf7 Ra8 53. Kg3 Ra4 54. Kh3 Kh7 55. Rb7 h5 56. Rc7 Kh6 57. Rb7 Ra3+ 58. Kh2 h4 59. Rb5 g5 60. Rb6+ Kh5 61. Rb8 Ra2+ 62. Kh1 h3 63. Rh8+ Kg4 64. Rb8 Kg3 65. Rb3+ Kh4 66. Rb4+ g4 67. Rc4 Re2 68. Rb4 Kg3 69. Rb3+ Kf4 70. Rb8 g3 71. Rf8+ Ke3 72. Re8+ Kd2 73. Rd8+ Ke1 74. Rh8 Kf1 75. Rf8+ Rf2 76. Rxf2+ gxf2 0-1

[Event "Hamburg-chT Landesliga 1819"]
[Site "Hamburg"]
[Date "2018.12.16"]
[Round "4.8"]
[White "Schwank, Johann"]
[Black "Lam, Daniel"]
[Result "0-1"]
[WhiteElo "1710"]
[BlackElo "1900"]
[PlyCount "76"]
[EventDate "2018.10.21"]
[EventType "team-tourn"]
[EventRounds "9"]
[EventCountry "GER"]
[SourceTitle "EXT 2020"]
[Source "ChessBase"]
[SourceDate "2019.10.17"]
[SourceVersion "1"]
[SourceVersionDate "2019.10.17"]
[SourceQuality "1"]
[WhiteTeam "Hamburg Diogenes II"]
[BlackTeam "Hamburg Weisse Dame"]
[WhiteTeamCountry "GER"]
[BlackTeamCountry "GER"]

1. e4 c5 2. Nc3 a6 3. d3 Nc6 4. g3 b5 5. Bg2 Bb7 6. f4 e6 7. Nf3 b4 8. Ne2 d5 9. 0-0 Be7 10. Qe1 dxe4 11. dxe4 Nf6 12. e5 Nd5 13. g4 a5 14. Ng3 Ba6 15. Rf2 c4 16. Be3 Nxe3 17. Qxe3 Qc7 18. Nd4 Nxd4 19. Ne4 Rd8 20. Rd2 Nb5 21. Rxd8+ Qxd8 22. Nd6+ Bxd6 23. Bc6+ Kf8 24. Rd1 Qc8 25. Rxd6 Nxd6 26. Qc5 g6 27. exd6 Kg7 28. Qd4+ f6 29. Qb6 Rf8 30. d7 Qb8 31. Qxa6 Qxf4 32. Qc8 Qc1+ 33. Kg2 Qxc2+ 34. Kg3 Qd3+ 35. Bf3 c3 36. Qc7 Kg8 37. bxc3 bxc3 38. Qc6 Qe3 0-1

[Event "JBLN West 1819"]
[Site "Germany"]
[Date "2018.09.23"]
[Round "1.2"]
[White "Lam, Daniel"]
[Black "Bosselmann, Tom Linus"]
[Result "1/2-1/2"]
[WhiteElo "1838"]
[BlackElo "1966"]
[PlyCount "96"]
[EventDate "2018.09.23"]
[EventType "team-tourn"]
[EventRounds "9"]
[EventCountry "GER"]
[SourceTitle "EXT 2020"]
[Source "ChessBase"]
[SourceDate "2019.10.17"]
[SourceVersion "1"]
[SourceVersionDate "2019.10.17"]
[SourceQuality "1"]
[WhiteTeam "Weisse Dame U20"]
[BlackTeam "Luebeck SV U20"]
[WhiteTeamCountry "GER"]
[BlackTeamCountry "GER"]

1. e4 c5 2. Nf3 a6 3. c3 e6 4. d4 d5 5. e5 Nc6 6. Na3 cxd4 7. cxd4 Qb6 8. Nc2 Bd7 9. Bd3 Bb4+ 10. Bd2 Be7 11. Rb1 f5 12. b4 h5 13. Bg5 Bxg5 14. Nxg5 Nxd4 15. Nxd4 Qxd4 16. 0-0 Ne7 17. Nxe6 Qb6 18. Nc5 Be6 19. Qd2 Kf7 20. Rfc1 Rad8 21. a4 Bc8 22. e6+ Kg8 23. Qg5 Qd6 24. Bxf5 Rf8 25. Bh3 Rh6 26. Re1 Rg6 27. Qe5 Qxe5 28. Rxe5 Rf4 29. Rxh5 Rgf6 30. Nd7 Rg6 31. g3 Rd4 32. Kf1 Rd2 33. Ke1 Ra2 34. a5 Rc2 35. Re5 Rh6 36. Bf5 Nxf5 37. Rxf5 Rxe6+ 38. Ne5 g6 39. Rg5 Kh7 40. Kf1 Rf6 41. Nd3 Bf5 42. Nf4 d4 43. Rd1 d3 44. Nxd3 Bxd3+ 45. Rxd3 Rfxf2+ 46. Kg1 Rg2+ 47. Kf1 Rxh2 48. Kg1 Rhg2+ 1/2-1/2

[Event "Hamburg-ch MB"]
[Site "Hamburg"]
[Date "2018.05.25"]
[Round "7"]
[White "Lam, Daniel"]
[Black "Lansky, Georg"]
[Result "1/2-1/2"]
[WhiteElo "1964"]
[BlackElo "1935"]
[PlyCount "50"]
[EventDate "2018.05.19"]
[EventType "swiss"]
[EventRounds "9"]
[EventCountry "GER"]
[SourceTitle "EXT 2020"]
[Source "ChessBase"]
[SourceDate "2019.10.17"]
[SourceVersion "1"]
[SourceVersionDate "2019.10.17"]
[SourceQuality "1"]

1. e4 e6 2. d4 d5 3. Nd2 c5 4. exd5 exd5 5. Ngf3 Nc6 6. Bb5 cxd4 7. Qe2+ Qe7 8. Nxd4 Bd7 9. Qxe7+ Bxe7 10. Nxc6 bxc6 11. Bd3 Bf6 12. Nb3 Ne7 13. Nc5 Bf5 14. 0-0 Bxd3 15. Nxd3 0-0 16. Be3 Nf5 17. Bc5 Rfe8 18. Rfe1 Bd4 19. Bxd4 Nxd4 20. Rxe8+ Rxe8 21. c3 Ne6 22. Re1 Rb8 23. f4 g6 24. g4 Kf8 25. Re2 Rd8 1/2-1/2

[Event "Hamburg-ch MB"]
[Site "Hamburg"]
[Date "2018.05.23"]
[Round "5"]
[White "Lam, Daniel"]
[Black "Von Elsner, Mathias"]
[Result "1-0"]
[WhiteElo "1964"]
[BlackElo "1802"]
[PlyCount "119"]
[EventDate "2018.05.19"]
[EventType "swiss"]
[EventRounds "9"]
[EventCountry "GER"]
[SourceTitle "EXT 2020"]
[Source "ChessBase"]
[SourceDate "2019.10.17"]
[SourceVersion "1"]
[SourceVersionDate "2019.10.17"]
[SourceQuality "1"]

1. e4 c6 2. Nc3 d5 3. Nf3 Bg4 4. h3 Bxf3 5. Qxf3 e6 6. d3 Nd7 7. g4 Be7 8. Bg2 Bg5 9. Bxg5 Qxg5 10. h4 Qe7 11. 0-0-0 d4 12. Ne2 e5 13. Ng3 0-0-0 14. Nf5 Qf8 15. Qe2 Ne7 16. Ng3 Ng6 17. Qd2 Nf4 18. Bf3 g6 19. Kb1 Kb8 20. Rc1 Qd6 21. Rcf1 Nc5 22. Rh2 Nce6 23. Rfh1 Qc7 24. Bd1 Rhf8 25. Qb4 a5 26. Qe1 c5 27. h5 Ng5 28. hxg6 hxg6 29. Nf1 c4 30. dxc4 d3 31. Qe3 Qxc4 32. Nd2 Qd4 33. Qxd4 Rxd4 34. c3 Rdd8 35. f3 b5 36. a4 b4 37. cxb4 axb4 38. Ka2 Ka7 39. Kb3 Rd4 40. Nc4 f6 41. Kxb4 Rb8+ 42. Kc3 Rbd8 43. Nd2 Ne2+ 44. Bxe2 dxe2 45. Rxe2 Rc8+ 46. Kb3 Nxf3 47. Nxf3 Rd3+ 48. Kb4 Rxf3 49. Rh7+ Ka6 50. Rd2 Rb8+ 51. Kc5 Rc8+ 52. Kd6 Rb3 53. Kd7 Kb7 54. Ke6+ Kb8 55. Kxf6 Rb6+ 56. Kxe5 Re8+ 57. Kf4 Rb4 58. Re2 Rxa4 59. Rg7 Rf8+ 60. Kg5 1-0

[Event "Hamburg-chT Landesliga 1718"]
[Site "Hamburg"]
[Date "2018.04.22"]
[Round "9.7"]
[White "Lam, Daniel"]
[Black "Knecht, Guntram"]
[Result "1-0"]
[WhiteElo "1952"]
[BlackElo "2022"]
[PlyCount "37"]
[EventDate "2017.10.08"]
[EventType "team-tourn"]
[EventRounds "9"]
[EventCountry "GER"]
[SourceTitle "EXT 2021"]
[Source "ChessBase"]
[SourceDate "2020.10.23"]
[SourceVersion "1"]
[SourceVersionDate "2020.10.23"]
[SourceQuality "1"]
[WhiteTeam "Hamburg Weisse Dame"]
[BlackTeam "St Pauli III"]
[WhiteTeamCountry "GER"]
[BlackTeamCountry "GER"]

1. e4 c5 2. Nf3 e6 3. d4 cxd4 4. Nxd4 a6 5. Bd3 Bc5 6. Nb3 Be7 7. Qg4 g6 8. Qg3 d6 9. 0-0 Nc6 10. Nc3 Qc7 11. Bf4 h5 12. Rad1 Ne5 13. Be2 Nf6 14. Bg5 Nh7 15. Bxe7 Kxe7 16. f4 Nc4 17. Bxc4 Qxc4 18. f5 Qc7 19. fxg6 1-0

[Event "Hamburg-ch MA"]
[Site "Hamburg"]
[Date "2017.06.09"]
[Round "7"]
[White "Raider, Eugen"]
[Black "Lam, Daniel"]
[Result "1-0"]
[WhiteElo "1998"]
[BlackElo "1856"]
[PlyCount "33"]
[EventDate "2017.06.03"]
[EventType "swiss"]
[EventRounds "9"]
[EventCountry "GER"]
[SourceTitle "CBM 179 Extra"]
[Source "ChessBase"]
[SourceDate "2017.08.23"]
[SourceVersion "1"]
[SourceVersionDate "2017.08.23"]
[SourceQuality "1"]

1. e4 c5 2. a3 Nc6 3. b4 e5 4. f4 exf4 5. Nf3 Qe7 6. bxc5 Qxe4+ 7. Be2 Bxc5 8. Nc3 Qe7 9. Nd5 Qd6 10. c4 Nd4 11. Bb2 Nxf3+ 12. Bxf3 Nf6 13. Bxf6 gxf6 14. d4 Bb6 15. c5 Ba5+ 16. Kf2 Qe6 17. Qa4 1-0

[Event "Hamburg-chT Landesliga 1617"]
[Site "Hamburg"]
[Date "2017.05.13"]
[Round "8.7"]
[White "Engelbert, Christoph"]
[Black "Lam, Daniel"]
[Result "1/2-1/2"]
[WhiteElo "2176"]
[BlackElo "1835"]
[PlyCount "71"]
[EventDate "2016.10.16"]
[EventType "team-tourn"]
[EventRounds "9"]
[EventCountry "GER"]
[SourceTitle "EXT 2022"]
[Source "ChessBase"]
[SourceDate "2021.10.06"]
[SourceVersion "1"]
[SourceVersionDate "2021.10.06"]
[SourceQuality "1"]
[WhiteTeam "Hamburger SK IV"]
[BlackTeam "Hamburg Weisse Dame"]
[WhiteTeamCountry "GER"]
[BlackTeamCountry "GER"]

1. e4 c5 2. c3 Nf6 3. e5 Nd5 4. d4 cxd4 5. Nf3 Nc6 6. cxd4 d6 7. a3 dxe5 8. Nxe5 e6 9. Bd3 Bd7 10. Nxd7 Qxd7 11. 0-0 Nf6 12. Be3 Be7 13. Nc3 0-0 14. Qa4 Rfd8 15. Rfd1 a6 16. Be2 b5 17. Qb3 Na5 18. Qa2 Rac8 19. d5 Nc4 20. Bxc4 Rxc4 21. dxe6 Qxe6 22. Rxd8+ Bxd8 23. Rd1 Bb6 24. Bxb6 Qxb6 25. Qb1 Rd4 26. Qc2 Qd6 27. Kf1 Kf8 28. Rxd4 Qxd4 29. Qd1 Qxd1+ 30. Nxd1 Nd5 31. Ke2 Ke7 32. g3 Ke6 33. Kd3 Nb6 34. b3 Nd7 35. Kd4 Kd6 36. Ne3 1/2-1/2

[Event "Hamburg CC Easter op 3rd"]
[Site "Hamburg"]
[Date "2017.04.17"]
[Round "7"]
[White "Lam, Daniel"]
[Black "Bellon, Antonio"]
[Result "1-0"]
[WhiteElo "1835"]
[BlackElo "1674"]
[PlyCount "67"]
[EventDate "2017.04.14"]
[EventType "swiss"]
[EventRounds "7"]
[EventCountry "GER"]
[SourceTitle "EXT 2020"]
[Source "ChessBase"]
[SourceDate "2019.10.17"]
[SourceVersion "1"]
[SourceVersionDate "2019.10.17"]
[SourceQuality "1"]

1. e4 c5 2. Nf3 d6 3. Bb5+ Bd7 4. Bxd7+ Nxd7 5. c4 Ngf6 6. Nc3 e6 7. 0-0 Be7 8. d4 cxd4 9. Nxd4 0-0 10. Qe2 a5 11. Rd1 Nc5 12. Ndb5 Qb6 13. Bf4 Rfd8 14. Rd2 Qc6 15. f3 Rd7 16. Rad1 Rad8 17. g4 Na6 18. Kh1 Ne8 19. Rg1 Nac7 20. Nd4 Qb6 21. Be3 d5 22. exd5 exd5 23. Nxd5 Nxd5 24. cxd5 Qf6 25. Nf5 Bb4 26. Bd4 Qg6 27. Bc3 Kf8 28. Bxb4+ axb4 29. Qe4 Nf6 30. Qxb4+ Kg8 31. Ne7+ Rxe7 32. Qxe7 Rd7 33. Qe5 Qh6 34. Qb8+ 1-0

[Event "Hamburg CC Easter op 3rd"]
[Site "Hamburg"]
[Date "2017.04.16"]
[Round "6"]
[White "Lam, Daniel"]
[Black "Fuhrmann, Philipp"]
[Result "1/2-1/2"]
[WhiteElo "1835"]
[BlackElo "1665"]
[PlyCount "95"]
[EventDate "2017.04.14"]
[EventType "swiss"]
[EventRounds "7"]
[EventCountry "GER"]
[SourceTitle "EXT 2020"]
[Source "ChessBase"]
[SourceDate "2019.10.17"]
[SourceVersion "1"]
[SourceVersionDate "2019.10.17"]
[SourceQuality "1"]

1. e4 c5 2. Nf3 e6 3. d4 cxd4 4. Nxd4 Nc6 5. Nb5 Nf6 6. N1c3 b6 7. Nd6+ Bxd6 8. Qxd6 Qe7 9. Bf4 Qxd6 10. Bxd6 Bb7 11. f3 0-0-0 12. 0-0-0 Ne8 13. Bg3 f6 14. a3 e5 15. Bc4 Nc7 16. Rd2 Na5 17. Ba2 Ba6 18. Re1 Nc4 19. Rdd1 g5 20. Bf2 h5 21. Nd5 Nxd5 22. Rxd5 d6 23. Red1 Kc7 24. c3 Rh7 25. Bb1 Na5 26. b4 Nc4 27. Bd3 Kc6 28. b5+ Bxb5 29. Rxb5 Kxb5 30. a4+ Kxa4 31. Bxc4 Rc7 32. Bd3 Rxc3+ 33. Bc2+ Kb5 34. Kb2 Rxc2+ 35. Kxc2 Rc8+ 36. Kb3 Rc6 37. h4 a5 38. Rh1 a4+ 39. Kb2 Kb4 40. Ra1 b5 41. Be1+ Kc5 42. Rc1+ Kb6 43. Ba5+ Kb7 44. Rxc6 Kxc6 45. Bd8 gxh4 46. Bxf6 h3 47. gxh3 b4 48. Be7 1/2-1/2

[Event "Hamburg CC Easter op 3rd"]
[Site "Hamburg"]
[Date "2017.04.14"]
[Round "1"]
[White "Lam, Daniel"]
[Black "Krause, Jonah"]
[Result "0-1"]
[WhiteElo "1835"]
[BlackElo "2341"]
[PlyCount "60"]
[EventDate "2017.04.14"]
[EventType "swiss"]
[EventRounds "7"]
[EventCountry "GER"]
[SourceTitle "CBM 177 Extra"]
[Source "ChessBase"]
[SourceDate "2017.04.27"]
[SourceVersion "1"]
[SourceVersionDate "2017.04.27"]
[SourceQuality "1"]

1. e4 c5 2. Nf3 e6 3. d4 cxd4 4. Nxd4 Nc6 5. Nb5 d6 6. c4 a6 7. N5c3 Nf6 8. Be2 Be7 9. 0-0 0-0 10. Na3 b6 11. Nc2 Bb7 12. Kh1 Rc8 13. b3 Ne5 14. f4 Ned7 15. Bf3 b5 16. Qe2 Qc7 17. Ne3 b4 18. Na4 Nxe4 19. Nc2 d5 20. cxd5 exd5 21. Ne3 Bf6 22. Rb1 Rfe8 23. Qd3 Ndc5 24. Nxc5 Qxc5 25. g4 Bc6 26. Kg2 Bb5 27. Qxd5 Bxf1+ 28. Kxf1 Nc3 29. Qxc5 Rxc5 30. Ra1 Nxa2 0-1

[Event "Hamburg-ch cand"]
[Site "Hamburg"]
[Date "2016.05.22"]
[Round "9"]
[White "Lam, Daniel"]
[Black "Keyser, Philipp"]
[Result "1/2-1/2"]
[WhiteElo "1744"]
[BlackElo "1691"]
[PlyCount "48"]
[EventDate "2016.05.14"]
[EventType "swiss"]
[EventRounds "9"]
[EventCountry "GER"]
[SourceTitle "EXT 2018"]
[Source "ChessBase"]
[SourceDate "2017.10.13"]
[SourceVersion "1"]
[SourceVersionDate "2017.10.13"]
[SourceQuality "1"]

1. e4 c5 2. Nf3 d6 3. Bb5+ Nd7 4. 0-0 a6 5. Bd3 g6 6. c3 Bg7 7. Be2 b5 8. Re1 e6 9. d4 cxd4 10. cxd4 Ne7 11. Nbd2 0-0 12. Nf1 Bb7 13. Ng3 d5 14. e5 Re8 15. h4 Nf5 16. Nxf5 exf5 17. h5 Nf8 18. hxg6 fxg6 19. Bg5 Qb6 20. Qd2 Ne6 21. Be3 Re7 22. Rad1 Rc7 23. Bd3 Rac8 24. Rc1 Rxc1 1/2-1/2

[Event "Hamburg-ch cand"]
[Site "Hamburg"]
[Date "2016.05.18"]
[Round "5"]
[White "Lam, Daniel"]
[Black "Tscherepanov, Leon"]
[Result "1-0"]
[WhiteElo "1744"]
[BlackElo "1840"]
[PlyCount "67"]
[EventDate "2016.05.14"]
[EventType "swiss"]
[EventRounds "9"]
[EventCountry "GER"]
[SourceTitle "EXT 2018"]
[Source "ChessBase"]
[SourceDate "2017.10.13"]
[SourceVersion "1"]
[SourceVersionDate "2017.10.13"]
[SourceQuality "1"]

1. e4 e6 2. d4 d5 3. e5 c5 4. c3 Nc6 5. Nf3 Bd7 6. Be2 Nge7 7. Na3 cxd4 8. cxd4 Nf5 9. Nc2 Be7 10. 0-0 0-0 11. g4 Nh4 12. Nxh4 Bxh4 13. f4 f6 14. exf6 Bxf6 15. g5 Be7 16. Bd3 g6 17. h4 Bd6 18. Rf2 Qc7 19. h5 Kg7 20. Qf1 Ne7 21. Bd2 Rf7 22. Rc1 Raf8 23. Ne3 Qb8 24. Qh3 Rh8 25. Ng4 Nf5 26. Nh6 Nxh6 27. gxh6+ Kf8 28. hxg6 hxg6 29. Bxg6 Rf6 30. Rg2 Bxf4 31. Qh4 Ke7 32. Bb4+ Bd6 33. Rf1 Rhf8 34. Rgf2 1-0

[Event "Hamburg-ch cand"]
[Site "Hamburg"]
[Date "2016.05.15"]
[Round "2"]
[White "Tesch, David"]
[Black "Lam, Daniel"]
[Result "0-1"]
[WhiteElo "1912"]
[BlackElo "1744"]
[PlyCount "120"]
[EventDate "2016.05.14"]
[EventType "swiss"]
[EventRounds "9"]
[EventCountry "GER"]
[SourceTitle "EXT 2018"]
[Source "ChessBase"]
[SourceDate "2017.10.13"]
[SourceVersion "1"]
[SourceVersionDate "2017.10.13"]
[SourceQuality "1"]

1. e4 c5 2. c3 Nf6 3. e5 Nd5 4. d4 cxd4 5. Nf3 Nc6 6. cxd4 d6 7. Bc4 e6 8. Qe2 Be7 9. 0-0 0-0 10. Nc3 Nxc3 11. bxc3 dxe5 12. Nxe5 Nxe5 13. dxe5 Qa5 14. Rb1 Rb8 15. Qg4 Qxc3 16. Rb3 Qxe5 17. Rb5 Qf6 18. Bg5 Qg6 19. Qf4 Bxg5 20. Rxg5 Qf6 21. Qxb8 Qxg5 22. Qxa7 Qg4 23. Bb3 Qb4 24. Rd1 Bd7 25. Qd4 Qxd4 26. Rxd4 Bc6 27. f3 Ra8 28. Kf2 Kf8 29. h4 Ke7 30. Rg4 g6 31. h5 Ra5 32. hxg6 hxg6 33. Rd4 Kf6 34. Rd8 Ke5 35. Rf8 Kf6 36. Rd8 g5 37. Rd4 Ke5 38. Rg4 f6 39. g3 Bd5 40. Rb4 Bc6 41. f4+ Kd6 42. Ke3 Ra8 43. Rd4+ Ke7 44. fxg5 fxg5 45. Rc4 Rf8 46. Bd1 e5 47. Bg4 Kd6 48. Rc2 Rf1 49. Rf2 Rxf2 50. Kxf2 Bd5 51. a4 b6 52. Bd1 Kc5 53. Ke3 Bc6 54. Bc2 Kb4 55. Bd1 Kc3 56. Be2 Kb4 57. Bb5 Bxb5 58. axb5 Kxb5 59. Ke4 Kc4 60. Kxe5 b5 0-1

[Event "Hamburg-ch cand"]
[Site "Hamburg"]
[Date "2016.05.14"]
[Round "1"]
[White "Ristic, Sreten"]
[Black "Lam, Daniel"]
[Result "0-1"]
[WhiteElo "1912"]
[BlackElo "1744"]
[PlyCount "180"]
[EventDate "2016.05.14"]
[EventType "swiss"]
[EventRounds "9"]
[EventCountry "GER"]
[SourceTitle "EXT 2018"]
[Source "ChessBase"]
[SourceDate "2017.10.13"]
[SourceVersion "1"]
[SourceVersionDate "2017.10.13"]
[SourceQuality "1"]

1. Nc3 d5 2. e4 dxe4 3. Nxe4 Nd7 4. c3 Ngf6 5. Ng3 c6 6. f4 Nd5 7. d4 N7f6 8. Nf3 e6 9. Bd3 Be7 10. 0-0 0-0 11. Bd2 Ng4 12. Qe2 c5 13. Rad1 cxd4 14. cxd4 Bd7 15. h3 Ngf6 16. Ng5 Re8 17. b3 Rc8 18. Bc4 Bc6 19. Nf3 Qb6 20. a4 a5 21. Qd3 Bd6 22. Ng5 Qc7 23. Ne2 h6 24. Ne4 Nxe4 25. Qxe4 Nc3 26. Nxc3 Bxe4 27. Nxe4 Bf8 28. Bc3 Rcd8 29. Rf3 b6 30. Nf2 Bd6 31. Nd3 Qe7 32. Bb5 Rf8 33. Rdf1 Rc8 34. Bc4 Kh8 35. g4 Qh4 36. Kg2 Rce8 37. Be1 Qd8 38. Bf2 f6 39. Re1 Qc8 40. Rfe3 Qc6+ 41. Kg1 Qc7 42. f5 e5 43. Kg2 Re7 44. dxe5 Bxe5 45. h4 Bd6 46. Re6 Rfe8 47. g5 Rxe6 48. fxe6 Qc6+ 49. Kg1 Qf3 50. gxh6 gxh6 51. Re3 Qd1+ 52. Re1 Qg4+ 53. Kf1 Qh3+ 54. Ke2 Rxe6+ 55. Bxe6 Qxe6+ 56. Kd2 Qxb3 57. Re8+ Kg7 58. Re4 Qa2+ 59. Ke1 Qb1+ 60. Kd2 Bb4+ 61. Ke3 Ba3 62. Rc4 Qb3 63. Kd4 Bb2+ 64. Nxb2 Qxb2+ 65. Ke3 Qb3+ 66. Kd4 Qb2+ 67. Ke3 Qe5+ 68. Re4 Qc3+ 69. Kf4 Qc7+ 70. Kf3 f5 71. Bd4+ Kf7 72. Re5 Qc6+ 73. Kf4 Qxa4 74. Rxf5+ Ke7 75. Ke5 Qb5+ 76. Ke4 Qe2+ 77. Be3 Qc2+ 78. Ke5 Qc7+ 79. Kd4 Qd6+ 80. Ke4 Ke6 81. Rh5 Qb4+ 82. Kf3 Qf8+ 83. Bf4 Qa3+ 84. Kg4 Qb3 85. Rxh6+ Kf7 86. Rd6 a4 87. h5 a3 88. Rd7+ Ke6 89. Rd6+ Ke7 90. Rc6 Qd1+ 0-1